000 00764nam a22002177a 4500
999 _c11903
_d11903
003 AR-CdUCM
008 190405b ||||| |||| 00| 0 spa d
040 _aMUNICIPALIDAD PROVINCIAL DEL CUSCO
_cBIBLIOTECA MUNICIPAL DEL CUSCO
082 _a869.58 /
_bR795 / 1957
100 _aRose, Juan Gonzalo
_914589
245 _aCantos desde lejos /
260 _aLima :
_bPenta ultra,
_c1957.
300 _a72 páginas ;
_c21 cm.
505 _aContenido: Soledad de tantos -- Al que ha de llegar -- Asi cantaba Maiacovski -- Si España resucita -- La pregunta ...
650 _aLiteratura Peruana
_9132
650 _aPoesías Peruanas
_914867
650 _aSiglo XX
_98
650 _aLiteratura Latinoamericana
_9799
942 _2ddc
_cLIBROS
945 _acmm
_d2019-04-05